Vplyv finančnej a kapitálovej štruktúry na trhovú hodnotu podniku

Základné teoretické vymedzenie finančnej a kapitálovej štruktúry a hlavné zdroje financovania podnikateľských aktivít. Autor vychádza z predpokladu, že určenie ideálneho pomeru medzi vlastným a dlhovým kapitálom je základná a pomerne zložitá úloha pre každého finančného manažéra a to predovšetkým pr...

Descrizione completa

Salvato in:
Dettagli Bibliografici
Autore principale: Ďurana, Lukáš
Natura: Capitolo di libro
Lingua:slovacco
Soggetti:
Tags: Aggiungi Tag
Nessun Tag, puoi essere il primo ad aggiungerne!!

MARC

LEADER 00000nla$a2200000$$$4500
001 0145046
005 20240502072614.5
041 0 |a slo 
044 |a SK 
245 1 0 |a Vplyv finančnej a kapitálovej štruktúry na trhovú hodnotu podniku  |c Lukáš Ďurana 
520 |a Základné teoretické vymedzenie finančnej a kapitálovej štruktúry a hlavné zdroje financovania podnikateľských aktivít. Autor vychádza z predpokladu, že určenie ideálneho pomeru medzi vlastným a dlhovým kapitálom je základná a pomerne zložitá úloha pre každého finančného manažéra a to predovšetkým pri snahe maximalizovať trhovú hodnotu podniku. 
610 2 0 |a podnik 
610 2 0 |a financovanie podnikov 
610 2 0 |a štruktúra kapitálová 
610 2 0 |a štruktúra podniku finančná 
610 2 0 |a hodnota podniku 
610 2 0 |a hodnota trhová 
100 1 |a Ďurana, Lukáš